Zborník štátnej veterinárnej správy MPVž SSR

Bibliographic Details
Other Authors: Haladej, Štefan, 1930-1993 (Compiler), Smetana, Miloš (Compiler), Bugarský, Andrej, 1942- (Compiler), Zubaj, Ján (Compiler)
Format: Serial
Language:Slovak
Russian
German
English
PhysicalDescription:23 zv. 23 cm
Published: Bratislava Príroda 1976-1989
Bratislava Ústav veterinárnych informácií a osvety
ISSN:0139-8415
Subjects:

MARC

LEADER 00000cas a2200000 a 4500
001 vtls001114762
003 SK-MaSNL
005 20260228160640.0
008 150701d19761989xo ur| 0 0b0slo
015 |a SNBA1979 
022 |a 0139-8415 
035 |a SNK000057605 
040 |a SNK  |b slo  |c SNK  |e AACR2 
041 0 |a slo  |a rus  |a ger  |a eng 
044 |a xo  |c SK 
072 7 |a 614  |x Verejné zdravie a hygiena  |2 konspekt 
072 7 |a 636.09  |x Veterinárna medicína  |2 konspekt 
080 |a 619  |2 2001 
080 |a 050  |2 2001 
080 |a (062.552)  |2 2001 
080 |a 59  |2 2001 
080 |a 636.09  |2 2001 
210 0 |a Zb. Štát. vet. správy MPVž SSR 
222 0 |a Zborník Štátnej veterinárnej správy MPVž SSR 
245 0 0 |a Zborník štátnej veterinárnej správy MPVž SSR 
246 1 1 |a Miscellany of the State Veterinary Administration of Ministry of Agriculture and Food 
246 1 1 |a Sammelwerk der Staatlichen Veterinärverwaltung des Ministeriums für Landwirtschaft und Ernährung 
246 1 1 |a Sbornik Gosudarstvennogo veterinarnogo upravlenija Ministerstva sel'skogo chozjajstva i prodovol'stvija 
246 3 3 |a Zborník Štátnej veterinárnej správy Ministerstva poľnohospodárstva a výživy SSR  |f 1989 
260 |a Bratislava  |b Príroda  |c 1976-1989 
260 3 |3 1989  |a Bratislava  |b Ústav veterinárnych informácií a osvety 
300 |a 23 zv.  |c 23 cm 
310 |a Nepravidelne 
362 0 |a Č. I (1976)-č. 23 (1989) 
500 |a Zost.: 1/1976 Štefan Haladej, Andrej Bugarský; 2/1976-1981: Štefan Haladej, Miloš Smetana; 1982-1989 : Ján Zubaj, Štefan Haladej 
546 |a Text a resumé aj v jazyku rus., angl. a nem. 
650 0 7 |a veterinárna medicína  |2 SNKPH  |9 1148 
650 0 7 |a veterinárna starostlivosť  |2 SNKPH  |9 4001 
655 7 |a zborníky  |2 SNKPH  |9 70165 
700 1 |a Haladej, Štefan,  |d 1930-1993  |4 com  |9 39194 
700 1 |a Smetana, Miloš  |4 com  |9 267063 
700 1 |a Bugarský, Andrej,  |d 1942-  |4 com  |9 194620 
700 1 |a Zubaj, Ján  |4 com  |9 267064 
910 |a snk 
916 |a 1976-1989 
958 |a NB 
999 |c 3192  |d 5122 
952 |0 0  |1 0  |3 rekatalogizácia  |4 0  |7 0  |a SNK  |b SNK  |d 2005-10-25  |i snkKSP 7897/80  |l 0  |o snkČSC 2323/8/1980 D1  |p 17A0486575  |r 2026-02-21 19:30:12  |w 2026-02-21  |y PREZ 
952 |0 0  |1 0  |4 0  |7 0  |a SNK  |b SNK  |d 2000-05-29  |f 1  |i snkKSP 5945/78  |l 0  |o snkČSC 2323/4/1978  |p 17A0241573  |r 2005-01-02 00:00:00  |w 2026-02-21  |y PREZ 
952 |0 0  |1 0  |4 0  |7 0  |a SNK  |b SNK  |d 2000-05-29  |l 0  |o snkČSC 2323/14/1983 D1  |p 17A0241943  |r 2005-01-02 00:00:00  |w 2026-02-21  |y PREZ 
952 |0 0  |1 0  |4 0  |7 0  |a SNK  |b SNK  |d 2011-11-14  |i snkKSP 2928/87  |l 0  |o snkČSC 2323/19/1987 D1  |p 17A0748696  |r 2026-02-21 20:17:20  |w 2026-02-21  |y PREZ 
952 |0 0  |1 0  |4 0  |7 0  |a SNK  |b SNK  |d 2011-11-14  |i snkKSP 9504/87  |l 0  |o snkČSC 2323/20/1987 D1  |p 17A0748695  |r 2026-02-21 20:17:20  |w 2026-02-21  |y PREZ 
952 |0 0  |1 0  |4 0  |7 0  |a SNK  |b SNK  |d 2011-11-14  |i snkKSP 7534/87  |l 0  |o snkČSC 2323/1987/21 D1  |p 17A0748642  |r 2026-02-21 20:17:21  |w 2026-02-21  |y PREZ 
952 |0 0  |1 0  |4 0  |7 0  |a SNK  |b SNK  |d 2000-05-31  |f 1  |i snkKSP 2155/77  |l 0  |o snkČSC 2323/2/1977  |p 17A0241416  |r 2005-01-02 00:00:00  |w 2026-02-21  |y PREZ 
952 |0 0  |1 0  |4 0  |7 0  |a SNK  |b SNK  |d 2013-01-09  |i snkKSP 5946/78  |l 0  |o snkČSC 2323/4/1978 D1  |p 17A1021508  |r 2026-02-21 21:23:38  |w 2026-02-21  |y PREZ 
952 |0 0  |1 0  |4 0  |7 0  |a SNK  |b SNK  |d 2015-05-18  |f 1  |i snkKSP 644/77  |l 0  |o snkČSC 2323/1/1976  |p 17A0976340  |r 2026-02-21 21:34:12  |w 2026-02-21  |y PREZ 
952 |0 0  |1 0  |4 0  |7 0  |a SNK  |b SNK  |d 2015-05-18  |f 1  |i snkKSP 5471/78  |l 0  |o snkČSC 2323/3/1978  |p 17A0976358  |r 2026-02-21 21:34:12  |w 2026-02-21  |y PREZ 
952 |0 0  |1 0  |4 0  |7 0  |a SNK  |b SNK  |d 2015-05-18  |f 1  |i snkKSP 1793/79  |l 0  |o snkČSC 2323/5/1979  |p 17A0976352  |r 2026-02-21 21:35:01  |w 2026-02-21  |y PREZ 
952 |0 0  |1 0  |4 0  |7 0  |a SNK  |b SNK  |d 2015-05-18  |f 1  |i snkKSP 5671/79  |l 0  |o snkČSC 2323/6/1979  |p 17A0976351  |r 2026-02-21 21:35:01  |w 2026-02-21  |y PREZ 
952 |0 0  |1 0  |4 0  |7 0  |a SNK  |b SNK  |d 2015-05-18  |f 1  |i snkKSP 1371/80  |l 0  |o snkČSC 2323/7/1980  |p 17A0976339  |r 2026-02-21 21:35:01  |w 2026-02-21  |y PREZ 
952 |0 0  |1 0  |4 0  |7 0  |a SNK  |b SNK  |d 2015-05-18  |f 1  |i snkKSP 7896/80  |l 0  |o snkČSC 2323/8/1980  |p 17A0976350  |r 2026-02-21 21:35:01  |w 2026-02-21  |y PREZ 
952 |0 0  |1 0  |4 0  |7 0  |a SNK  |b SNK  |d 2015-05-18  |f 1  |i snkKSP 4575/81  |l 0  |o snkČSC 2323/9-10/1981  |p 17A1096648  |r 2026-02-21 21:35:01  |w 2026-02-21  |y PREZ 
952 |0 0  |1 0  |4 0  |7 0  |a SNK  |b SNK  |d 2015-05-18  |f 1  |i snkKSP 10152/81  |l 0  |o snkČSC 2323/11/1981  |p 17A1096649  |r 2026-02-21 21:35:01  |w 2026-02-21  |y PREZ 
952 |0 0  |1 0  |4 0  |7 0  |a SNK  |b SNK  |d 2015-05-18  |f 1  |i snkKSP 5953/82  |l 0  |o snkČSC 2323/12/1982  |p 17A1096650  |r 2026-02-21 21:35:01  |w 2026-02-21  |y PREZ 
952 |0 0  |1 0  |4 0  |7 0  |a SNK  |b SNK  |d 2015-05-18  |f 1  |i snkKSP 9290/83  |l 0  |o snkČSC 2323/13/1983  |p 17A1096651  |r 2026-02-21 21:35:01  |w 2026-02-21  |y PREZ 
952 |0 0  |1 0  |4 0  |7 0  |a SNK  |b SNK  |d 2015-05-18  |f 1  |i snkKSP 1350/84  |l 0  |o snkČSC 2323/14/1983  |p 17A1096655  |r 2026-02-21 21:35:01  |w 2026-02-21  |y PREZ 
952 |0 0  |1 0  |4 0  |7 0  |a SNK  |b SNK  |d 2015-05-18  |f 1  |i snkKSP 7208/84  |l 0  |o snkČSC 2323/15/1984  |p 17A1096652  |r 2026-02-21 21:35:01  |w 2026-02-21  |y PREZ 
952 |0 0  |1 0  |4 0  |7 0  |a SNK  |b SNK  |d 2015-05-18  |f 1  |i snkKSP 393/85  |l 0  |o snkČSC 2323/16/1984  |p 17A1096653  |r 2026-02-21 21:35:01  |w 2026-02-21  |y PREZ 
952 |0 0  |1 0  |4 0  |7 0  |a SNK  |b SNK  |d 2015-05-18  |f 1  |i snkKSP 6100/85  |l 0  |o snkČSC 2323/17/1985  |p 17A1096654  |r 2026-02-21 21:35:01  |w 2026-02-21  |y PREZ 
952 |0 0  |1 0  |4 0  |7 0  |a SNK  |b SNK  |d 2015-05-18  |f 1  |i snkKSP 1209/86  |l 0  |o snkČSC 2323/18/1985  |p 17A1096656  |r 2026-02-21 21:35:01  |w 2026-02-21  |y PREZ 
952 |0 0  |1 0  |4 0  |7 0  |a SNK  |b SNK  |d 2015-05-18  |f 1  |i snkKSP 2927/87  |l 0  |o snkČSC 2323/19/1987  |p 17A1096657  |r 2026-02-21 21:35:01  |w 2026-02-21  |y PREZ 
952 |0 0  |1 0  |4 0  |7 0  |a SNK  |b SNK  |d 2015-05-18  |f 1  |i snkKSP 9503/87  |l 0  |o snkČSC 2323/20/1987  |p 17A1096658  |r 2026-02-21 21:35:01  |w 2026-02-21  |y PREZ 
952 |0 0  |1 0  |4 0  |7 0  |a SNK  |b SNK  |d 2015-05-18  |f 1  |i snkKSP 7533/87  |l 0  |o snkČSC 2323/21/1987  |p 17A1096659  |r 2026-02-21 21:35:01  |w 2026-02-21  |y PREZ 
952 |0 0  |1 0  |4 0  |7 0  |a SNK  |b SNK  |d 2015-05-18  |f 1  |i snkKSP 5030/88  |l 0  |o snkČSC 2323/22/1988  |p 17A1096660  |r 2026-02-21 21:35:01  |w 2026-02-21  |y PREZ 
952 |0 0  |1 0  |4 0  |7 0  |a SNK  |b SNK  |d 2015-05-18  |f 1  |i snkKSP 830/91  |l 0  |o snkČSC 2323/23/1989  |p 17A1096661  |r 2026-02-21 21:35:01  |w 2026-02-21  |y PREZ